Score 0/30 Timer 06:00
0 Plays Today
% Correct
We Built Gwen's Face
75.9%
Fight For The Gold
75.6%
Oh My Izzy
73.5%
Who You Gonna Root For
71.9%
Wake Up
70.9%
Baby
69.8%
Paris In The Springtime
68.5%
Gypsy Rap
66.1%
What's Not To Love
65.3%
Eine Kleine
56.4%
Lovin' Time
55.1%
Blainerific
51.9%
A Chinese Lesson
51.7%
Sisters
44.6%
I'm Winning This
42.3%
% Correct
Stuck To A Pole
40.9%
Save This Show
40.4%
Come Fly With Us
35.9%
Sea Shanty
33.4%
Rowin' Time
31.8%
Before We Die
31.5%
I'm Gonna Make It
31.2%
Shearing Sheep
27.6%
I'm Sorry
26.5%
Condor
26%
Strip Them Down
24.1%
This Is How We Will End It
23.7%
Boyfriend Kisser
23.3%
Versus
23.1%
Her Real Name Isn't Blaineley
20.5%
Remove Ads.
Support Sporcle.
Get the best of Sporcle when you Go Orange. This ad-free experience offers more features, more stats, and more fun while also helping to support Sporcle. Thank you for becoming a member.

You're not logged in!

Compare scores with friends on all Sporcle quizzes.
OR
Log In

Show Comments

Extras

Top Quizzes Today


Score Distribution

Your Account Isn't Verified!

In order to create a playlist on Sporcle, you need to verify the email address you used during registration. Go to your Sporcle Settings to finish the process.

Report this User

Report this user for behavior that violates our Community Guidelines.

Details: